00275nam a2200121Ia 4500008004100000100001200041245002800053260002600081300000800107650001400115942000700129999001700136190216s9999||||xx |||||||||||||| ||und|| aValsala 0aArunthathi Karayunnilla bPoorna Pubs Kozhikode a106 aMalayalam cBK c27860d27860